000 00381nam a2200145Ia 4500
008 090124s9999 xx 000 0 und d
082 _b300107
245 _a बंधुद्वेष
250 _a2
260 _bदातार गो. ना.
_c1969
300 _a912
630 _a बंधुद्वेष
730 _a बंधुद्वेष
942 _cBOOK
999 _c189663
_d189663